000
00318nam a2200133Ia 4500
008
240624s9999 xx 000 0 und d
041
_a
eng
082
_a
891.4308 JOS
100
_a
JOSHI SHARAD
245
_a
YATRA TATRA SARVATRA
260
_c
2006
_a
New Delhi
_b
Bhartiya Jnanpith
300
_a
352 : p.
365
_c
RS
999
_c
17176
_d
17176